Logic for applications

Αποθηκεύτηκε σε:
Λεπτομέρειες βιβλιογραφικής εγγραφής
Κύριος συγγραφέας: Nerode, Anil, 1932-
Άλλοι συγγραφείς: Shore, Richard A., 1946-
Μορφή: Βιβλίο
Γλώσσα:English
Δημοσίευση: New York : Springer, c1997
Έκδοση:2nd ed.
Σειρά:Graduate texts in computer science
Θέματα:
Ετικέτες: Προσθήκη ετικέτας
Δεν υπάρχουν, Καταχωρήστε ετικέτα πρώτοι!

MARC

LEADER 00000nam a2200000 i 4500
001 1/15789
008 010122s1997 eng d
020 |a 0-387-94893-7 
035 |l 10065543 
040 |a GR-MY-UA  |b gre  |e aacr 
041 0 |a eng 
082 0 |a 005.1015113 
100 1 |a Nerode, Anil,   |d 1932- 
245 1 0 |a Logic for applications /  |c Anil Nerode, Richard A. Shore 
250 |a 2nd ed. 
260 |a New York :   |b Springer,   |c c1997 
300 |a xiii, 456 p.;  |b ill.;  |c 24 cm. 
490 1 |a Graduate texts in computer science 
504 |a Includes biliography and index. 
650 0 0 |a Computer science  |x Mathematics. 
650 0 0 |a Logic, Symbolic and mathematical. 
700 1 |a Shore, Richard A.,   |d 1946- 
830 0 |a Graduate texts in computer science 
852 |a INST  |b SYROS  |e 20010122  |h 005.1015113 NER  |p 005500001545  |q 005500001545  |t BK  |y 0 
901 |a BIBL5-2001-1 
909 |a Ε  |b 084338 
922 |a 5ΕΛΗ  |b 200012  |c ΓΡΑΦΙΚΩΝ ΤΕΧΝΩΝ  |d ΜΙΧΑΛΟΠΟΥΛΟΣ 
950 |a 183-2000-12-08 
970 |a ΚΟΝΤΟΥ  |b ΠΑΡΑΣΚΕΥΗ  |z 2001/02/08